| 000 | 00649nam a22001937a 4500 | ||
|---|---|---|---|
| 003 | OSt | ||
| 005 | 20251203101121.0 | ||
| 008 | 251203b |||||||| |||| 00| 0 eng d | ||
| 020 | _a978-971-23-5356-7. | ||
| 040 |
_aDWCL-Admin lib _cOC |
||
| 082 | _aFil. 371.227 C117s 2009 | ||
| 100 | _a Cabulay, Danny Araneta | ||
| 245 |
_a Smart guide to apprenticeship and practicum training / _cDanny Araneta Cabulay |
||
| 260 |
_aManila : _bRex Book Store, _c c2009. |
||
| 300 |
_a xiii, 191 p. : _b ill. ; _c26 cm. |
||
| 504 | _aIncludes bibliographical references and index. | ||
| 650 | _a1. Apprenticeship. | ||
| 942 |
_2ddc _cBK - FIL _e 1st ed. _kFil. _n0 |
||
| 999 |
_c6739 _d6739 |
||